Từ điển Hội lễ Việt Nam
Saved in:
| Main Author: | |
|---|---|
| Format: | Book |
| Published: |
Hà Nội
Văn hóa
1993
|
| Subjects: | |
| Tags: |
Add Tag
No Tags, Be the first to tag this record!
|
| Institutions: | Trung tâm Học liệu Lê Vũ Hùng, Trường Đại học Đồng Tháp |
|---|
| LEADER | 00691pam a22002298a 4500 | ||
|---|---|---|---|
| 001 | 00042543 | ||
| 005 | 20181003141058.0 | ||
| 008 | 170328s1999 ||||||Viesd | ||
| 020 | # | # | |c 40000 |
| 041 | 0 | # | |a Vie |
| 082 | 1 | 4 | |a 364.269 597 |b T550Đ |
| 100 | 1 | # | |a Bùi, Thiết |
| 245 | 0 | 0 | |c Bùi Thiết |a Từ điển Hội lễ Việt Nam |
| 260 | # | # | |a Hà Nội |b Văn hóa |c 1993 |
| 300 | # | # | |a 530 tr. |c 21 cm. |b hình ảnh |
| 653 | # | # | |a Lễ Hội |
| 653 | # | # | |a Phong tục |
| 653 | # | # | |a Từ điển |
| 653 | # | # | |a Việt Nam |
| 852 | # | # | |j KD.0024146 |
| 910 | |d 03/10/2018 | ||
| 980 | # | # | |a Trung tâm Học liệu Lê Vũ Hùng, Trường Đại học Đồng Tháp |